|
|
|
|
| LEADER |
00000nab a2200000 a 4500 |
| 001 |
vtls000529004 |
| 003 |
SK-MaSNL |
| 005 |
20260304095620.0 |
| 008 |
250425c1993 xo 0 slo |
| 015 |
|
|
|a SNBRB19rr/mm-uuuuu
|
| 035 |
|
|
|a CL0529142
|
| 035 |
|
|
|a urn:nbn:sk:snk-abalim
|
| 035 |
|
|
|a (urnnbn)urn:nbn:sk:snk:ar-008fok
|
| 035 |
|
|
|a (uuid)6d2c4373-9150-493c-9293-cffc8820740b
|
| 040 |
|
|
|a SNKBUCL
|b slo
|c SNKBUCL
|e AACR2
|
| 041 |
0 |
|
|a slo
|
| 044 |
|
|
|a xo
|c SK
|
| 080 |
|
|
|a 616.853
|2 1981
|
| 100 |
1 |
|
|a Orolin, Daniel,
|d 1937-1994
|4 aut
|9 5656
|
| 245 |
1 |
0 |
|a Lauforova choroba diagnostikovaná z biopsie axilárnych potných žliaz. Kazuistika a prehľad literatúry
|c Daniel Orolín, M. Zaviačič, A. Miklášová
|
| 300 |
|
|
|b Obr. 4, res. angl., slov., lit. 22 zázn. v angl., franc.
|
| 650 |
0 |
7 |
|a choroba Laforova
|2 snkbucl
|9 1392940
|
| 650 |
0 |
7 |
|a epilepsia myoklonická progresívna
|2 snkbucl
|9 1392941
|
| 655 |
|
7 |
|a články z novín a časopisov
|2 snkbucl
|9 267496
|
| 700 |
1 |
|
|a Zaviačič, Milan,
|d 1940-2010
|4 aut
|9 223222
|
| 700 |
1 |
|
|a Miklášová, A.
|4 aut
|9 978815
|
| 773 |
0 |
|
|t Česká a slovenská neurologie a neurochirurgie
|g Roč. 56/89, č. 1 (1993), s. 27-30
|x 0301-0597
|
| 850 |
|
|
|a Slovenská národná knižnica
|
| 852 |
|
|
|a Slovenská národná knižnica
|
| 954 |
|
|
|a odborná, vedecká literatúra pôvodná (slovenská)
|2 lita
|
| 958 |
|
|
|a article14
|
| 958 |
|
|
|a OND
|
| 958 |
|
|
|a NB
|
| 958 |
|
|
|a RK
|
| 958 |
|
|
|a MI
|
| 958 |
|
|
|a NX
|
| 958 |
|
|
|a EUIPO
|
| 992 |
|
|
|a RBX
|
| 999 |
|
|
|c 2833656
|d 2835586
|